[Event "FIDE World Chess Cup 2015"]
[Site "Baku"]
[Date "2015.09.22"]
[Round "4.3"]
[White "Karjakin, Sergey"]
[Black "Andreikin, Dmitry"]
[Result "1-0"]
[WhiteElo "2762"]
[BlackElo "2720"]
[PlyCount "107"]
[EventDate "2015.??.??"]
[EventCountry "AZE"]

1. c4 c6 2. Nf3 d5 3. g3 g6 4. Bg2 Bg7 5. cxd5 cxd5 6. d4 Nf6 7. Nc3 O-O 8. Ne5
Nc6 9. O-O Bf5 10. Be3 Rc8 11. Rc1 Be6 12. Nd3 Bf5 13. Ne5 e6 14. h3 h5 15. f3
Nxe5 16. dxe5 Nd7 {The temptation to win the piece with} 17. g4 {is
understandable.} (17. f4 {was probably a little safer for White as he keeps a
space advantage and Black struggles to activate his pieces.}) 17... hxg4 18.
hxg4 Bxg4 19. fxg4 Nxe5 20. Bd4 Qh4 ({Things might have been less rosy for
White had Black now played} 20... Nxg4 {and if} 21. Bxg7 {Black throws in the
zwischenzug} Qh4 ({Black no doubt missed Qh4, and only saw that} 21... Kxg7 22.
Qd4+ {leads to tragedy.}) 22. Rf3 Kxg7 {and now Black has three pawns for the
piece and pressure against the exposed king with the knight-queen combo and
potential h-file fun.}) 21. Qe1 Qxg4 22. Rd1 Nf3+ 23. Rxf3 Bxd4+ 24. Kf1 Be5
25. Qd2 Rc4 26. Qe3 Bg7 27. Qxa7 Rb4 ({Komodo 9 suggests the very interesting
idea of} 27... g5 {followed by Qh5 and g4 to continue harrassing White.}) 28.
b3 Rc8 29. Rdd3 Qg5 30. Nd1 Rg4 31. Qxb7 Rf8 32. Ne3 Bd4 33. Rxd4 Rxd4 34. Qc7
Rd2 35. a4 Rb2 36. Nd1 Rb1 37. Rd3 Rc1 38. Qh2 Rfc8 (38... Qf6+ {White would
be hard-pressed to find a good answer to} 39. Ke1 (39. Bf3 e5 $1 {and ...e4 is
fatal}) 39... Rfc8 40. Qg3 R8c2 {and White is losing.}) 39. Kf2 Qf6+ 40. Bf3 e5
$2 41. Ne3 $1 {and now White is in the driver seat.} d4 42. Ng4 Qg5 43. Nxe5
R8c3 {[#]} 44. Qh8+ $1 {Simple, decisive.} Kxh8 45. Nxf7+ Kg7 46. Nxg5 Rxd3 47.
exd3 Rc3 48. a5 Rxd3 49. a6 Rd2+ 50. Ke1 Ra2 51. Ne6+ Kf6 52. Nc5 Ra5 53. b4
Ra2 54. b5 1-0

[Event "FIDE World Chess Cup 2015"]
[Site "Baku"]
[Date "2015.09.22"]
[Round "4.4"]
[White "Wojtaszek, Radoslaw"]
[Black "Giri, Anish"]
[Result "0-1"]
[WhiteElo "2741"]
[BlackElo "2793"]
[Annotator "Robot 11"]
[PlyCount "82"]
[EventDate "2015.??.??"]
[EventCountry "AZE"]
[TimeControl "1500+10"]

1. d4 {[%emt 0:00:00]} d5 {[%emt 0:00:00]} 2. c4 {[%emt 0:00:00]} c6 {[%emt 0:
00:00]} 3. Nc3 {[%emt 0:00:00]} Nf6 {[%emt 0:00:00]} 4. e3 {[%emt 0:00:00]} e6
{[%emt 0:00:00]} 5. b3 {[%emt 0:00:00]} Bb4 {[%emt 0:00:06]} 6. Bb2 {[%emt 0:
00:03]} Ne4 {[%emt 0:00:07]} 7. Nge2 {[%emt 0:00:03]} Qf6 {[%emt 0:00:10]} 8.
f3 {[%emt 0:00:31]} Bxc3+ {[%emt 0:00:02]} 9. Bxc3 {[%emt 0:00:35]} Nxc3 {
[%emt 0:00:05]} 10. Nxc3 {[%emt 0:00:02]} O-O {[%emt 0:00:07]} 11. f4 {[%emt 0:
01:47]} c5 {[%emt 0:03:37]} 12. cxd5 {[%emt 0:00:05]} cxd4 {[%emt 0:00:06]} 13.
Qxd4 {[%emt 0:01:34]} Qxd4 {[%emt 0:00:08]} 14. exd4 {[%emt 0:00:01]} exd5 {
[%emt 0:00:01]} 15. Nxd5 {[%emt 0:00:21]} Nc6 {[%emt 0:00:05]} 16. Nc7 {[%emt
0:01:38]} Rb8 {[%emt 0:00:02]} 17. d5 {[%emt 0:00:00]} Ne7 {[%emt 0:01:28]} 18.
O-O-O {[%emt 0:00:00]} Rd8 {[%emt 0:00:13]} 19. Bc4 {[%emt 0:02:15]} Kf8 {
[%emt 0:03:23]} 20. Rhe1 {[%emt 0:03:10]} Bg4 {[%emt 0:00:28]} 21. Rd2 {[%emt
0:00:10]} Rbc8 {[%emt 0:01:25]} 22. h3 {[%emt 0:00:26]} Bd7 {[%emt 0:00:20]}
23. g4 {[%emt 0:02:46]} Rxc7 {[%emt 0:00:32]} 24. d6 {[%emt 0:00:03]} Rxc4+ {
[%emt 0:00:05]} 25. bxc4 {[%emt 0:00:01]} Nc6 {[%emt 0:00:31]} 26. c5 {[%emt 0:
00:05]} g6 {[%emt 0:00:40]} 27. Rb2 {[%emt 0:00:29]} Bc8 {[%emt 0:00:12]} 28.
Re4 {[%emt 0:01:06]} Kg7 {[%emt 0:00:38]} 29. Kd2 {[%emt 0:00:30]} h5 {[%emt 0:
00:57]} 30. Kc3 {[%emt 0:03:29]} hxg4 {[%emt 0:00:04]} 31. hxg4 {[%emt 0:00:02]
} Rh8 {[%emt 0:01:45]} 32. Re3 {[%emt 0:00:01]} Rh1 {[%emt 0:00:09]} 33. Rd3 {
[%emt 0:00:21]} Nb8 {[%emt 0:00:54]} 34. g5 {[%emt 0:03:02]} Rc1+ {[%emt 0:01:
35]} 35. Kd4 {[%emt 0:00:07]} Nd7 {[%emt 0:00:46]} 36. Rb5 {[%emt 0:00:38]} a6
{[%emt 0:00:28]} 37. Ra5 {[%emt 0:00:01]} Nb8 {[%emt 0:00:21]} 38. Ke3 {[%emt
0:00:21]} Bd7 {[%emt 0:00:54]} 39. Rb3 {[%emt 0:01:03]} Bc6 {[%emt 0:00:41]}
40. Kd4 {[%emt 0:00:37]} Nd7 {[%emt 0:00:21]} 41. Rc3 {[%emt 0:00:21]} Rf1 {
[%emt 0:00:07]} 0-1